Trịnh Công Sơn (1939- 2001) : Cuộc đời âm nhạc thơ hội họa & suy tưởng
Enregistré dans:
| Format: | Livre |
|---|---|
| Langue: | Undetermined |
| Publié: |
Thành phố Hồ Chí Minh
Văn hóa Sài Gòn
2005
|
| Sujets: | |
| Tags: |
Ajouter un tag
Pas de tags, Soyez le premier à ajouter un tag!
|
| Thư viện lưu trữ: | Trung tâm Học liệu Trường Đại học Cần Thơ |
|---|
| LEADER | 00577nam a2200193Ia 4500 | ||
|---|---|---|---|
| 001 | CTU_88932 | ||
| 008 | 210402s9999 xx 000 0 und d | ||
| 020 | |c 145000 | ||
| 082 | |a 780.92 | ||
| 082 | |b Tr312 | ||
| 245 | 0 | |a Trịnh Công Sơn (1939- 2001) : | |
| 245 | 0 | |b Cuộc đời âm nhạc thơ hội họa & suy tưởng | |
| 260 | |a Thành phố Hồ Chí Minh | ||
| 260 | |b Văn hóa Sài Gòn | ||
| 260 | |c 2005 | ||
| 650 | |a Musicians | ||
| 650 | |x Biography | ||
| 904 | |i Tuyến | ||
| 980 | |a Trung tâm Học liệu Trường Đại học Cần Thơ | ||